000
00216 a2200097 4500
001
7092
100
_a
Junnarkar, S.B
245
_a
Mechanics of structures
260
_a
_b
Publication Private
_c
090
_c
5862
_d
5862
942
_a
NUST-CAE
_c
M
_c
32336
999
_c
242165
_d
242165